000
00234nam a2200097Ia 4500
005
20251222114348.0
008
251222s1900||||xx |||||||||||||| ||spa||
082
_a
DVD0060/V39/2005
245
0
_a
El destino no tiene favoritos
942
_c
DVD
999
_c
1126
_d
1126